000 01791nam a2200313 i 4500
003 DO-SdBNP
005 20240321112818.0
007 ta
008 230927b1987 dr a|||| |||| 00| 0 spa d
040 _aDO-SdBNP
_bspa
_cBNPHU
_erda
082 4 _222
100 1 _aLuciano López, Margarita,
_d1950-
_eautora
_984993
245 1 0 _aMatemática para la vida :
_bsegundo grado nivel primario /
_cMilagros Peña de Pérez, Margarita Luciano de Sang, Anania de León de Encarnación ; ilustración, Roger Estévez ; colaboración, Albania Pérez de Jiménez, Orlando Ramos
264 _aSanto Domingo :
_bSecretaría de Estado de Educación, Bellas Artes y Culto,
_c1987.
300 _a212 páginas :
_bilustraciones ;
_c27 cm.
336 _2rdacontent
_atexto
_btxt
337 _2rdamedia
_asin mediación
_bn
338 _2rdacarrier
_avolumen
_bnc
500 _aRevisado y aprobado por la Dirección General de Currículum y Evaluación Educativa, como texto básico de matemática para el tercer grado del nivel primario
505 0 _aConjuntos,: Pertenencia, no pertenencia--
_tLos números. Números ordinales --
_tAdición de cardinales menores que mil--
_tSustracción de cardinales menores que mil--
_tMultiplicación por dos y entre tres--
_tDivisión entre dos y entre tres--
_tPartes de la unidad--
_tComparación de fracciones--
_tFiguras geométricas--
_tMedidas de longitud. El metro--
_tMedidas de capacidad. El litro--
_tMonedas de uso nacional--
_tEl Reloj.
590 _aInventariado, 2023/BT
700 1 _aLuciano Sang, Margarita de
_929588
700 1 _aLeón, Anania
_91263
700 1 _aEstévez, Roger,
_929589
_eilustración
700 1 _aPérez Jiménez, Albania de,
_929590
_ecolaborador
700 1 _aRamos, Orlando
_ecolaborador
_929591
910 _aBtavérez
942 _2ddc
_cLBS1
999 _c54960
_d54960